Advanced engineering electromagnetics (Record no. 18252)

MARC details
000 -LEADER
fixed length control field 00644nam a2200217Ia 4500
003 - CONTROL NUMBER IDENTIFIER
control field IN-BaIIA
008 - FIXED-LENGTH DATA ELEMENTS--GENERAL INFORMATION
fixed length control field 211028s9999 xx 000 0 eng d
020 ## - INTERNATIONAL STANDARD BOOK NUMBER
International Standard Book Number 978-0-470-58948-9
040 ## - CATALOGING SOURCE
Transcribing agency IIA Library
080 ## - UNIVERSAL DECIMAL CLASSIFICATION NUMBER
Universal Decimal Classification number 621.37
Item number BAL
100 ## - MAIN ENTRY--PERSONAL NAME
Personal name Balanis, Constantine A
9 (RLIN) 34934
245 #0 - TITLE STATEMENT
Title Advanced engineering electromagnetics
Statement of responsibility, etc. Constantine A. Balanis
250 ## - EDITION STATEMENT
Edition statement 2nd ed.
260 ## - PUBLICATION, DISTRIBUTION, ETC.
Place of publication, distribution, etc. New Jersey
Name of publisher, distributor, etc. John Wiley & Sons
Date of publication, distribution, etc. 2011
300 ## - PHYSICAL DESCRIPTION
Extent xx, 1018p.
650 ## - SUBJECT ADDED ENTRY--TOPICAL TERM
Topical term or geographic name entry element Advanced engineering
9 (RLIN) 34935
650 ## - SUBJECT ADDED ENTRY--TOPICAL TERM
Topical term or geographic name entry element Electromagnetic waves
9 (RLIN) 2401
650 ## - SUBJECT ADDED ENTRY--TOPICAL TERM
Topical term or geographic name entry element Electromagnetism-Engineering
9 (RLIN) 34936
650 ## - SUBJECT ADDED ENTRY--TOPICAL TERM
Topical term or geographic name entry element Wave propagation
9 (RLIN) 3418
942 ## - ADDED ENTRY ELEMENTS (KOHA)
Koha item type Books
Holdings
Withdrawn status Lost status Damaged status Not for loan Home library Current library Shelving location Date acquired Source of acquisition Cost, normal purchase price Total Checkouts Full call number Barcode Date last seen Cost, replacement price Price effective from Koha item type Purchase Price
        IIA Library-Bangalore IIA Library-Bangalore General Stacks 15/03/2012 SIP 10315.00   621.37/ BAL 19174 05/11/2021 10315.00 15/03/2012 Books Rs. 10315.00

Powered by Koha